| 000 | 00609nam 22001933 4500 | ||
|---|---|---|---|
| 001 | 199296 | ||
| 090 | _a199296 | ||
| 100 | _a20251127d u||y0pory50 ba | ||
| 200 |
_aElementos para a história da família ocidental 1500-1914 _fMichael Anderson _gtradução de Ana Falcão Bastos |
||
| 210 |
_aLisboa _cQuerco _dimp. 1984 |
||
| 215 |
_a95 p. _cbrochado _d21 cm |
||
| 225 |
_aEntender _h1 |
||
| 606 |
_935 _aSociologia. Demografia.Estatística |
||
| 675 |
_a31 _vPT _zpor |
||
| 700 |
_915194 _aAnderson _b Michael _f1942- |
||
| 702 |
_95428 _aBastos _bAna Falcão |
||
| 801 |
_aPT _bBMMN _gRPC |
||
| 830 | _cVanda | ||
| 990 | _cLIVROS | ||